000
00290nam a22001217a 4500
003
OSt
008
250211b |||||||| |||| 00| 0 eng d
041
_a
eng
100
_a
Michael, AM
_9
6834
245
_a
Principles of Agricultural Engineering Vol.11
700
_a
Ojha, TP
_9
6835
942
_c
BK
999
_c
19348
_d
19348